000 01332nam a22003497a 4500
003 CHAP
005 20220817044322.0
008 100224s2009 mx r 00010 spa d
010 _a97602
011 _a98574
035 _a109259
040 _cCHAP
090 _aTesis
100 1 _aVásquez Cedillo, Rosas.
_9120228
245 1 0 _aCiclo biológico de la fase gámica de la avispa agalladora del encino Andricus quercuslaurinus Mlika & Pujade-Villar (Hymenóptera: Cynipidae).
_c/por Rosa Vásquez Cedillo
260 _aChapingo, Méx. :
_bEl autor,
_c2009
300 _av, 57 h. :
_bilus., cuadros, gráfs.
502 _aTesis (Ing. Agr. Esp. en Parasitología Agrícola) -- UACH. Departamento de Parasitología Agrícola
590 _aALEPH
_b10
_c20130110
_lUCH01
_h1532
590 _aBATCH-UPD
_b10
_c20130110
_lUCH01
_h0907
590 _aBATCH-UPD
_b10
_c20130410
_lUCH01
_h0534
590 _aBATCH-UPD
_b10
_c20130914
_lUCH01
_h0458
590 _aCONVERSION
_b10
_c20130109
_lUCH01
_h1354
650 1 4 _aAvispas.
_98877
650 1 4 _aCiclo biológico.
_923050
650 1 4 _aHymenoptera.
650 1 4 _aQuercus
_xPlagas.
_993174
901 _aBK
942 _cFOLL
949 _aTesis
_bBC
_cTES
_d33724002110280
_eTS1
_gDonaciØn
_h50042
_i109259
_sb
949 _aTesis
_bBC
_cTES
_d33724002110322
_eTS2
_fc.2
_gDonaciØn
_h50043
_i109259
_sb
999 _c97602
_d97602